Alrededores de Barcelona / (Record no. 33090)

MARC details
000 -LEADER
campo de control de longitud fija 00520nam a2200181 i 4500
001 - NÚMERO DE CONTROL
campo de control 33090
003 - IDENTIFICADOR DE NÚMERO DE CONTROL
campo de control ES-MaACL
005 - FECHA Y HORA DE LA ÚLTIMA TRANSACCIÓN
campo de control 20250720204511.0
007 - CAMPO FIJO DE DESCRIPCIÓN FÍSICA--INFORMACIÓN GENERAL
campo de control de longitud fija t|
008 - DATOS DE LONGITUD FIJA--INFORMACIÓN GENERAL
campo de control de longitud fija 030201s1959 sp ||||1| spa d
100 0# - ENTRADA PRINCIPAL--NOMBRE DE PERSONA
Nombre de persona Bescós, A.
9 (RLIN) 28571
245 10 - MENCIÓN DEL TÍTULO
Título Alrededores de Barcelona /
Mención de responsabilidad, etc. por A. Bescos y X. Coll.
260 ## - PUBLICACIÓN, DISTRIBUCIÓN, ETC.
Lugar de publicación, distribución, etc. Granollers :
Nombre del editor, distribuidor, etc. Ed. Alpina,
Fecha de publicación, distribución, etc. [1959] (
Fabricante Busquets)
300 ## - DESCRIPCIÓN FÍSICA
Extensión 24 cm ;
Dimensiones 16 cm.
700 1# - ENTRADA AGREGADA--NOMBRE PERSONAL
Nombre de persona Coll, Xavier,
Fechas asociadas al nombre 1901-1981
9 (RLIN) 39622
852 ## - LOCALIZACIÓN
Ubicación ES-MaACL
Número de control de estantería 2004-F-23
Sublocalización o colección R.44731
Holdings
Estatus retirado Estado de pérdida Estado de daño No para préstamo Colección Biblioteca de origen Biblioteca actual Ubicación en estantería Fecha de adquisición Fuente de adquisición Total de préstamos Signatura topográfica completa Código de barras Visto por última vez Precio de reemplazo Tipo de ítem Koha
        Colección de folletos Biblioteca del Ateneo de Madrid Biblioteca del Ateneo de Madrid Depósito folletos 17/01/2008     2004-F-23 1034394 23/02/2023 23/02/2023 Folleto